Greek Gods Quiz Stats

 Plays Quiz Updated Feb 24, 2020

     
Support Sporcle.
Go Orange.
Score 0/12 Timer 05:00
114 Plays Today
Domain God(dess) % Correct
King of GodsZeus
98.8%
God of the SeaPoseidon
83.1%
Goddess of WisdomAthena
82.2%
Goddess of Love and BeautyAphrodite
80.3%
Messenger of the GodsHermes
80.1%
Queen of Gods and MarriageHera
79.1%
God of Sun and HealingApollo
73.7%
God of War and VengeanceAres
71.3%
Goddess of the Hunt and MoonArtemis
59.3%
Goddess of Fertility and AgricultureDemeter
48.2%
God of Fire and ForgeHephaestus
47.8%
Goddess of Hearth and HomeHestia
38.4%

From the Vault

Films by Characters in Other Films

by JHEL

Movies 6m
Ferris Bueller and Darth Vader really should do more movies together
Remove Ads.
Support Sporcle.
Get the best of Sporcle when you Go Orange. This ad-free experience offers more features, more stats, and more fun while also helping to support Sporcle. Thank you for becoming a member.

Show Comments

Extras

Top Quizzes Today


Score Distribution

Your Account Isn't Verified!

In order to create a playlist on Sporcle, you need to verify the email address you used during registration. Go to your Sporcle Settings to finish the process.

Report this User

Report this user for behavior that violates our Community Guidelines.

Details: